| 000 | 00562nam a2200181Ia 4500 | ||
|---|---|---|---|
| 008 | 240729s9999 xx 000 0 und d | ||
| 022 | _a2582-0605 | ||
| 245 | 0 | _aJournal of Veterinary and Animal Sciences | |
| 260 | _aIndia | ||
| 260 | _bDirector of Academics and Research, Kerala Veterinary and Animal Sciences University | ||
| 650 | _a Animal biochemistry | Science | ||
| 650 | _a Physiology | ||
| 650 | _a Science (General) | ||
| 650 | _aScience | ||
| 856 | _uhttps://doaj.org/toc/640043dfff964c3f8f79dfffe3adf3ed | ||
| 942 | _2ddc | ||
| 942 | _cDOAJEJ | ||
| 999 |
_c74666 _d74666 |
||
| 945 |
_a1 _bMadushi Gamage _c1 _dMadushi Gamage |
||